| 000 | 01088 a2200169 4500 | ||
|---|---|---|---|
| 003 | Nust | ||
| 005 | 20230130105235.0 | ||
| 040 | _cNust | ||
| 082 | _a920,NIX | ||
| 100 |
_aRichard Nixon _99108 |
||
| 245 |
_aIn the Arena / _cRichard Nixon |
||
| 260 |
_aLahore _bService Book Club _c1999 |
||
| 300 | _a450 | ||
| 505 | _aPeaks and Valleys (Page-3), Wilderness (Page-21), Renewal (Page-46), Family (Page-85), Religion (Page-95), Teachers (Page-103), Struggle (Page-114), Wealth (Page-121), Purpose (Page-131), Time (Page-136), Temperance (Page-143), Reading (Page-154), Conversation (Page-160), Memory (Page-167), Thinking (Page-174), Recreation (Page-181), Illness (Page-190), Tension (Page-198), Risks (Page-211), Politics (Page-227), Power (Page-235), Speaking (Page-242), Privacy (Page-260), Pat (Page-268), Friends (Page-277), Enemies (Page-285), Media (Page-293), Governing (Page-323), Philosophy (Page-347), Causes (Page-358), Geopolitics (Page-366), Decisions (Page-388), War (Page-396), Peace (Page-407), Twilight (Page-421). | ||
| 650 |
_aIn the arena _9108020 |
||
| 942 |
_2ddc _cBK |
||
| 999 |
_c186968 _d186968 |
||